000 00702nam a2200217Ia 4500
003 GCL
008 140319s9999 xx 000 0 ara d
020 _a4557327977
040 _aGCL /
_cGCL
082 0 4 _a191
_bا ف
100 1 _aاير، الفريد جولس
245 1 0 _aالفلسفة فى القرن العشرين /
_cاير، الفريد جولس
700 1 _aبهاء درويش
250 _aالاولى
260 _aالقاهرة :
_bدار الوفاء لدنيا الطباعة والنشر ،
_c2006
300 _a439 ص ؛
_c24 سم
650 0 4 _aالفلسفة الحديثة
650 0 4 _aالفلاسفة
650 0 4 _aالفلسفة الغربية
942 _2ddc
_cBK
999 _c8297
_d8297